Thực hành vi sinh vật học
Trình bày các bài thí nghiệm nghiên cứu môi trường, phân lập, nuôi cấy vi sinh vật, nghiên cứu hình thái tế bào vi sinh vật, nghiên cứu một số họat tính của vi sinh vật, nghiên cứu sự chuyển hoá của các hợp chất hữu cơ không chứa nitơ bằng vi sinh vật, nghiên cứu sự tuần hoàn của nitơ trong tự nhiên...
保存先:
| 第一著者: | |
|---|---|
| その他の著者: | , |
| フォーマット: | 図書 |
| 言語: | Vietnamese |
| 出版事項: |
H.
Đại học Sư phạm
2011
|
| 主題: | |
| タグ: |
タグ追加
タグなし, このレコードへの初めてのタグを付けませんか!
|
| Thư viện lưu trữ: | Mạng thư viện Đại học Đà Nẵng |
|---|
| LEADER | 01686nam a2200385 4500 | ||
|---|---|---|---|
| 001 | 000025196 | ||
| 003 | 21689 | ||
| 005 | 20170526150506.0 | ||
| 008 | 170526s2011 viesd | ||
| 020 | |c 32000 | ||
| 041 | 0 | |a vie | |
| 082 | 1 | 4 | |a 579.072 |b MA-H |
| 100 | 1 | |a Mai Thị Hằng | |
| 245 | 1 | 0 | |a Thực hành vi sinh vật học |c Mai Thị Hằng, Đinh Thị Kim Nhung, Vương Trọng Hào |
| 260 | |a H. |b Đại học Sư phạm |c 2011 | ||
| 300 | |a 143 tr. |b minh họa |c 24 cm. | ||
| 504 | |a Thư mục: tr. 143 | ||
| 520 | 3 | |a Trình bày các bài thí nghiệm nghiên cứu môi trường, phân lập, nuôi cấy vi sinh vật, nghiên cứu hình thái tế bào vi sinh vật, nghiên cứu một số họat tính của vi sinh vật, nghiên cứu sự chuyển hoá của các hợp chất hữu cơ không chứa nitơ bằng vi sinh vật, nghiên cứu sự tuần hoàn của nitơ trong tự nhiên nhờ vi sinh vật | |
| 650 | 0 | 4 | |a Vi sinh vật học |x Dạy và học (Đại học) |
| 650 | 0 | 4 | |a Vi sinh vật học |x Thí nghiệm |
| 653 | |a Thực hành | ||
| 653 | |a Vi sinh vật học | ||
| 653 | |a Giáo trình | ||
| 700 | 1 | |a Đinh Thị Kim Nhung | |
| 700 | 1 | |a Vương Trọng Hào | |
| OWN | |a LSP | ||
| AVA | |a UDN50 |b LSP |d 579.072 MA-H |e check_holdings |t Error 5003 Not defined in file expand_doc_bib_avail. |h N |k 1 | ||
| 999 | |a From the UDN01 | ||
| AVA | |a UDN50 |b LSP |d 579.072 MA-H |e available |t Error 5001 Not defined in file expand_doc_bib_avail. |f 25 |g 1 |h N |i 32 |k 1 | ||
| TYP | |a Monograph | ||
| TYP | |a Printed language | ||
| 980 | |a Mạng thư viện Đại học Đà Nẵng | ||